Normal view
MARC view
Entry Meeting Name
001 - CONTROL NUMBER
- control field: 13273
003 - CONTROL NUMBER IDENTIFIER
- control field: OSt
005 - DATE AND TIME OF LATEST TRANSACTION
- control field: 20211105133641.0
008 - FIXED-LENGTH DATA ELEMENTS
- fixed length control field: 211105|| aca||aabn | a|a d
040 ## - CATALOGING SOURCE
- Original cataloging agency: OSt
- Transcribing agency: OSt
111 ## - HEADING--MEETING NAME
- Meeting name or jurisdiction name as entry element: Symposium Photoelectric Photometry
- Number of part/section/meeting: 2nd
- Location of meeting: New Zeland
- Date of meeting or treaty signing: 1982 May 10-12
670 ## - SOURCE DATA FOUND
- Source citation: Work cat.: (OSt): Symposium Photoelectric Photometry 2nd New Zeland 1982 May 10-12, Photoelectric photometry, 1982